[Event "DEM U14 2023"]
[Site "Willingen GER"]
[Date "2023.05.28"]
[Round "2"]
[White "Neuhoff, Laertes"]
[Black "Aniol, Nico"]
[Result "1/2-1/2"]
[Termination "normal"]
[Board "11"]
[WhiteElo "2109"]
[BlackElo "1592"]
[WhiteClock "00:01:43"]
[BlackClock "01:02:16"]
[PlyCount "78"]
[WhiteFideId "16279719"]
[BlackFideId "16287096"]
[EventCountry "GER"]
[EventRounds "9"]
[EventType "swiss"]
[EventDate "2023.05.27"]

1. e4 {[%clk 01:30:59]} c6 {[%clk 01:30:45]} {[%emt 00:00:16]} 2. d4 {[%clk
01:30:42]} {[%emt 00:00:47]} d5 {[%clk 01:31:11]} {[%emt 00:00:04]} 3. e5
{[%clk 01:22:13]} {[%emt 00:08:59]} Bf5 {[%clk 01:31:13]} {[%emt 00:00:27]} 4.
h4 {[%clk 01:22:36]} {[%emt 00:00:06]} h5 {[%clk 01:31:06]} {[%emt 00:00:39]}
5. Bd3 {[%clk 01:22:59]} {[%emt 00:00:07]} Bxd3 {[%clk 01:31:24]} {[%emt
00:00:12]} 6. Qxd3 {[%clk 01:23:23]} {[%emt 00:00:05]} Qa5+ {[%clk 01:30:43]}
{[%emt 00:01:12]} 7. Nd2 {[%clk 01:23:34]} {[%emt 00:00:18]} e6 {[%clk
01:30:57]} {[%emt 00:00:16]} 8. Ngf3 {[%clk 01:23:56]} {[%emt 00:00:08]} Qa6
{[%clk 01:31:20]} {[%emt 00:00:08]} 9. c4 {[%clk 01:24:08]} {[%emt 00:00:17]}
Nh6 {[%clk 01:31:10]} {[%emt 00:00:40]} 10. O-O {[%clk 01:24:10]} {[%emt
00:00:28]} Nf5 {[%clk 01:31:30]} {[%emt 00:00:11]} 11. b3 {[%clk 01:18:36]}
{[%emt 00:06:04]} Be7 {[%clk 01:31:50]} {[%emt 00:00:09]} 12. g3 {[%clk
01:08:15]} {[%emt 00:10:51]} c5 {[%clk 01:31:49]} {[%emt 00:00:32]} 13. Bb2
{[%clk 00:56:37]} {[%emt 00:12:08]} Nc6 {[%clk 01:31:44]} {[%emt 00:00:34]} 14.
Qb1 {[%clk 00:46:57]} {[%emt 00:10:10]} dxc4 {[%clk 01:30:35]} {[%emt
00:01:39]} 15. d5 {[%clk 00:44:03]} {[%emt 00:03:24]} Ncd4 {[%clk 01:29:00]}
{[%emt 00:02:05]} 16. Bxd4 {[%clk 00:33:26]} {[%emt 00:11:07]} cxd4 {[%clk
01:28:23]} {[%emt 00:01:08]} 17. Nxc4 {[%clk 00:23:10]} {[%emt 00:10:45]} O-O
{[%clk 01:17:45]} {[%emt 00:11:08]} 18. d6 {[%clk 00:21:16]} {[%emt 00:02:24]}
Bd8 {[%clk 01:18:11]} {[%emt 00:00:05]} 19. Qe4 {[%clk 00:20:26]} {[%emt
00:01:19]} Qc6 {[%clk 01:12:27]} {[%emt 00:06:14]} 20. Qxc6 {[%clk 00:12:54]}
{[%emt 00:08:03]} bxc6 {[%clk 01:12:53]} {[%emt 00:00:03]} 21. Rfd1 {[%clk
00:11:53]} {[%emt 00:01:31]} c5 {[%clk 01:09:42]} {[%emt 00:03:42]} 22. Nfd2
{[%clk 00:11:45]} {[%emt 00:00:37]} f6 {[%clk 01:08:07]} {[%emt 00:02:05]} 23.
Ne4 {[%clk 00:11:59]} {[%emt 00:00:16]} Bb6 {[%clk 01:08:14]} {[%emt 00:00:23]}
24. a4 {[%clk 00:05:43]} {[%emt 00:06:47]} Rac8 {[%clk 01:06:36]} {[%emt
00:02:07]} 25. f4 {[%clk 00:03:59]} {[%emt 00:02:14]} fxe5 {[%clk 01:03:56]}
{[%emt 00:03:10]} 26. fxe5 {[%clk 00:02:35]} {[%emt 00:01:54]} Ne3 {[%clk
01:02:48]} {[%emt 00:01:38]} 27. Nxe3 {[%clk 00:01:56]} {[%emt 00:01:10]} dxe3
{[%clk 01:03:16]} {[%emt 00:00:02]} 28. a5 {[%clk 00:01:04]} {[%emt 00:01:22]}
Bd8 {[%clk 01:03:43]} {[%emt 00:00:03]} 29. Rf1 {[%clk 00:01:17]} {[%emt
00:00:17]} Rf5 {[%clk 01:02:48]} {[%emt 00:01:25]} 30. Rxf5 {[%clk 00:00:54]}
{[%emt 00:00:53]} exf5 {[%clk 01:03:14]} {[%emt 00:00:04]} 31. e6 {[%clk
00:00:39]} {[%emt 00:00:45]} fxe4 {[%clk 01:03:17]} {[%emt 00:00:26]} 32. e7
{[%clk 00:01:06]} {[%emt 00:00:03]} Bxe7 {[%clk 01:03:38]} {[%emt 00:00:09]}
33. dxe7 {[%clk 00:01:32]} {[%emt 00:00:03]} Re8 {[%clk 01:03:47]} {[%emt
00:00:22]} 34. Kf1 {[%clk 00:00:58]} {[%emt 00:01:04]} Rxe7 {[%clk 01:04:02]}
{[%emt 00:00:15]} 35. Ke2 {[%clk 00:01:27]} Rb7 {[%clk 01:03:40]} {[%emt
00:00:51]} 36. Rc1 {[%clk 00:01:18]} {[%emt 00:00:40]} Rb5 {[%clk 01:01:12]}
{[%emt 00:02:58]} 37. a6 {[%clk 00:01:20]} {[%emt 00:00:28]} Rxb3 {[%clk
01:01:31]} {[%emt 00:00:10]} 38. Rxc5 {[%clk 00:01:45]} {[%emt 00:00:05]} Ra3
{[%clk 01:01:58]} {[%emt 00:00:04]} 39. Rxh5 {[%clk 00:01:43]} {[%emt
00:00:31]} Rxa6 {[%clk 01:02:16]} {[%emt 00:00:12]} 1/2-1/2

[Event "DEM U14 2023"]
[Site "Willingen GER"]
[Date "2023.05.28"]
[Round "2"]
[White "Melestean, Maxim"]
[Black "Stichter, Constantin Paul"]
[Result "0-1"]
[Termination "normal"]
[Board "13"]
[WhiteElo "1450"]
[BlackElo "1959"]
[WhiteClock "00:10:36"]
[BlackClock "00:02:28"]
[PlyCount "94"]
[WhiteFideId "16280393"]
[BlackFideId "34603140"]
[EventCountry "GER"]
[EventRounds "9"]
[EventType "swiss"]
[EventDate "2023.05.27"]

1. d4 {[%clk 01:30:59]} {[%emt 00:00:01]} d5 {[%clk 01:30:59]} {[%emt
00:00:01]} 2. c4 {[%clk 01:31:25]} {[%emt 00:00:04]} e6 {[%clk 01:31:20]}
{[%emt 00:00:09]} 3. Nc3 {[%clk 01:31:51]} {[%emt 00:00:03]} Nf6 {[%clk
01:31:46]} {[%emt 00:00:04]} 4. Nf3 {[%clk 01:32:17]} {[%emt 00:00:04]} Be7
{[%clk 01:31:02]} {[%emt 00:01:15]} 5. Bg5 {[%clk 01:32:33]} {[%emt 00:00:14]}
c6 {[%clk 01:31:15]} {[%emt 00:00:17]} 6. e3 {[%clk 01:32:57]} {[%emt
00:00:06]} Nbd7 {[%clk 01:31:39]} {[%emt 00:00:06]} 7. cxd5 {[%clk 01:31:58]}
{[%emt 00:01:29]} exd5 {[%clk 01:32:07]} {[%emt 00:00:02]} 8. Bd3 {[%clk
01:32:07]} {[%emt 00:00:21]} O-O {[%clk 01:32:29]} {[%emt 00:00:07]} 9. O-O
{[%clk 01:32:35]} {[%emt 00:00:03]} Re8 {[%clk 01:32:56]} {[%emt 00:00:03]} 10.
Qc2 {[%clk 01:32:15]} {[%emt 00:00:50]} Nf8 {[%clk 01:33:18]} {[%emt 00:00:08]}
11. a3 {[%clk 01:32:19]} {[%emt 00:00:27]} h6 {[%clk 01:31:29]} {[%emt
00:02:18]} 12. Bh4 {[%clk 01:32:43]} {[%emt 00:00:06]} Nh5 {[%clk 01:31:50]}
{[%emt 00:00:09]} 13. Bxe7 {[%clk 01:32:36]} {[%emt 00:00:37]} Rxe7 {[%clk
01:30:10]} {[%emt 00:02:09]} 14. Rfc1 {[%clk 01:31:38]} {[%emt 00:01:28]} Ne6
{[%clk 01:29:44]} {[%emt 00:00:57]} 15. b4 {[%clk 01:31:10]} {[%emt 00:00:58]}
Nf6 {[%clk 01:13:58]} {[%emt 00:16:15]} 16. Qb3 {[%clk 01:20:27]} {[%emt
00:11:13]} Qd6 {[%clk 01:09:47]} {[%emt 00:04:42]} 17. Rc2 {[%clk 01:19:15]}
{[%emt 00:01:42]} b6 {[%clk 01:00:04]} {[%emt 00:10:12]} 18. Rac1 {[%clk
01:16:07]} {[%emt 00:03:38]} Bb7 {[%clk 00:58:28]} {[%emt 00:02:06]} 19. Na4
{[%clk 01:11:05]} {[%emt 00:05:33]} Nd7 {[%clk 00:55:45]} {[%emt 00:03:13]} 20.
Rc3 {[%clk 01:00:01]} {[%emt 00:11:34]} b5 {[%clk 00:44:06]} {[%emt 00:12:09]}
21. Nc5 {[%clk 00:57:36]} {[%emt 00:02:55]} Ndxc5 {[%clk 00:40:07]} {[%emt
00:04:29]} 22. bxc5 {[%clk 00:57:44]} {[%emt 00:00:22]} Qc7 {[%clk 00:39:57]}
{[%emt 00:00:40]} 23. a4 {[%clk 00:53:57]} {[%emt 00:04:18]} a6 {[%clk
00:40:05]} {[%emt 00:00:21]} 24. Ra1 {[%clk 00:53:17]} {[%emt 00:01:09]} Ree8
{[%clk 00:38:41]} {[%emt 00:01:54]} 25. Qb2 {[%clk 00:52:43]} {[%emt 00:01:05]}
Ng5 {[%clk 00:35:09]} {[%emt 00:04:01]} 26. Nxg5 {[%clk 00:51:02]} {[%emt
00:02:11]} hxg5 {[%clk 00:34:44]} {[%emt 00:00:55]} 27. Rca3 {[%clk 00:50:15]}
{[%emt 00:01:18]} Reb8 {[%clk 00:32:09]} {[%emt 00:03:05]} 28. Qe2 {[%clk
00:48:45]} {[%emt 00:02:00]} g6 {[%clk 00:26:17]} {[%emt 00:06:22]} 29. Qg4
{[%clk 00:41:38]} {[%emt 00:07:37]} Qe7 {[%clk 00:25:15]} {[%emt 00:01:31]} 30.
Qg3 {[%clk 00:38:45]} {[%emt 00:03:24]} b4 {[%clk 00:17:31]} {[%emt 00:08:14]}
31. Rb3 {[%clk 00:39:11]} {[%emt 00:00:04]} a5 {[%clk 00:17:55]} {[%emt
00:00:05]} 32. Re1 {[%clk 00:39:02]} {[%emt 00:00:39]} Re8 {[%clk 00:17:43]}
{[%emt 00:00:42]} 33. Qf3 {[%clk 00:31:15]} {[%emt 00:08:17]} Kg7 {[%clk
00:17:07]} {[%emt 00:01:06]} 34. Rb2 {[%clk 00:25:21]} {[%emt 00:06:25]} f5
{[%clk 00:14:09]} {[%emt 00:03:27]} 35. Ree2 {[%clk 00:24:12]} {[%emt
00:01:40]} Qf6 {[%clk 00:13:18]} {[%emt 00:01:22]} 36. g3 {[%clk 00:22:16]}
{[%emt 00:02:25]} Re7 {[%clk 00:12:06]} {[%emt 00:01:42]} 37. Kf1 {[%clk
00:20:22]} {[%emt 00:02:24]} Rh8 {[%clk 00:11:58]} {[%emt 00:00:37]} 38. Kg1
{[%clk 00:20:51]} {[%emt 00:00:02]} Bc8 {[%clk 00:12:01]} {[%emt 00:00:27]} 39.
Red2 {[%clk 00:19:59]} {[%emt 00:01:21]} f4 {[%clk 00:05:02]} {[%emt 00:07:29]}
40. Re2 {[%clk 00:16:57]} {[%emt 00:03:33]} fxg3 {[%clk 00:03:26]} {[%emt
00:02:05]} 41. Qxf6+ {[%clk 00:13:43]} {[%emt 00:03:44]} Kxf6 {[%clk 00:03:51]}
{[%emt 00:00:05]} 42. fxg3 {[%clk 00:14:05]} {[%emt 00:00:08]} Bg4 {[%clk
00:03:48]} {[%emt 00:00:32]} 43. Re1 {[%clk 00:14:23]} {[%emt 00:00:13]} Kg7
{[%clk 00:03:43]} {[%emt 00:00:35]} 44. Bf1 {[%clk 00:13:59]} {[%emt 00:00:54]}
Rhe8 {[%clk 00:03:37]} {[%emt 00:00:35]} 45. h3 {[%clk 00:13:59]} {[%emt
00:00:31]} Bf3 {[%clk 00:03:38]} {[%emt 00:00:29]} 46. Kf2 {[%clk 00:14:14]}
{[%emt 00:00:16]} Be4 {[%clk 00:02:28]} {[%emt 00:01:39]} 47. Bg2 {[%clk
00:10:36]} {[%emt 00:04:08]} Bxg2 {[%emt 00:02:05]} 0-1

[Event "DEM U14 2023"]
[Site "Willingen GER"]
[Date "2023.05.28"]
[Round "2"]
[White "Klaska, Philipp Leon"]
[Black "Birkenheier, Nicolas"]
[Result "1-0"]
[Termination "normal"]
[Board "14"]
[WhiteElo "2026"]
[BlackElo "1550"]
[WhiteClock "00:36:06"]
[BlackClock "00:03:15"]
[PlyCount "75"]
[WhiteFideId "16238044"]
[BlackFideId "16287100"]
[EventCountry "GER"]
[EventRounds "9"]
[EventType "swiss"]
[EventDate "2023.05.27"]

1. e4 {[%clk 01:30:48]} {[%emt 00:00:11]} e5 {[%clk 01:30:44]} {[%emt
00:00:16]} 2. Nf3 {[%clk 01:31:15]} {[%emt 00:00:04]} Nc6 {[%clk 01:30:51]}
{[%emt 00:00:23]} 3. Bb5 {[%clk 01:31:40]} {[%emt 00:00:05]} a6 {[%clk
01:31:03]} {[%emt 00:00:18]} 4. Ba4 {[%clk 01:32:05]} {[%emt 00:00:06]} Nf6
{[%clk 01:30:33]} {[%emt 00:00:59]} 5. d3 {[%clk 01:31:55]} {[%emt 00:00:38]}
b5 {[%clk 01:30:02]} {[%emt 00:01:02]} 6. Bb3 {[%clk 01:32:20]} {[%emt
00:00:05]} Bc5 {[%clk 01:27:56]} {[%emt 00:02:37]} 7. O-O {[%clk 01:32:27]}
{[%emt 00:00:22]} d6 {[%clk 01:27:37]} {[%emt 00:00:50]} 8. c3 {[%clk
01:32:15]} {[%emt 00:00:41]} O-O {[%clk 01:26:00]} {[%emt 00:02:08]} 9. Re1
{[%clk 01:31:29]} {[%emt 00:01:15]} Bg4 {[%clk 01:24:17]} {[%emt 00:02:13]} 10.
h3 {[%clk 01:30:56]} {[%emt 00:01:03]} Bh5 {[%clk 01:23:33]} {[%emt 00:01:14]}
11. Bg5 {[%clk 01:30:58]} {[%emt 00:00:28]} Qd7 {[%clk 00:49:28]} {[%emt
00:34:36]} 12. Bxf6 {[%clk 01:29:36]} {[%emt 00:01:51]} gxf6 {[%clk 00:47:55]}
{[%emt 00:02:03]} 13. Nbd2 {[%clk 01:21:11]} {[%emt 00:08:55]} Kh8 {[%clk
00:46:41]} {[%emt 00:01:44]} 14. Qe2 {[%clk 01:20:16]} {[%emt 00:01:24]} Rg8
{[%clk 00:29:08]} {[%emt 00:18:04]} 15. Kh1 {[%clk 01:18:38]} {[%emt 00:02:06]}
Ne7 {[%clk 00:26:52]} {[%emt 00:02:49]} 16. Nf1 {[%clk 01:00:59]} {[%emt
00:18:07]} Ng6 {[%clk 00:18:15]} {[%emt 00:09:08]} 17. Nxe5 {[%clk 00:45:18]}
{[%emt 00:16:11]} fxe5 {[%clk 00:11:56]} {[%emt 00:06:49]} 18. Qxh5 {[%clk
00:45:42]} {[%emt 00:00:07]} Nf4 {[%clk 00:12:03]} {[%emt 00:00:23]} 19. Qf3
{[%clk 00:40:07]} {[%emt 00:06:03]} Rxg2 {[%clk 00:09:00]} {[%emt 00:03:35]}
20. Ne3 {[%clk 00:39:00]} {[%emt 00:01:37]} Bxe3 {[%clk 00:07:48]} {[%emt
00:01:42]} 21. fxe3 {[%clk 00:36:30]} {[%emt 00:02:59]} Rag8 {[%clk 00:07:20]}
{[%emt 00:00:58]} 22. Rg1 {[%clk 00:34:09]} {[%emt 00:02:51]} R8g3 {[%clk
00:05:05]} {[%emt 00:02:45]} 23. Qxg3 {[%clk 00:34:09]} {[%emt 00:00:31]} Rxg3
{[%clk 00:04:46]} {[%emt 00:00:49]} 24. Rxg3 {[%clk 00:34:36]} {[%emt
00:00:03]} Nh5 {[%clk 00:02:28]} {[%emt 00:02:46]} 25. Rf3 {[%clk 00:33:46]}
{[%emt 00:01:18]} f6 {[%clk 00:00:58]} {[%emt 00:02:04]} 26. Kh2 {[%clk
00:33:29]} {[%emt 00:00:46]} h6 {[%clk 00:00:57]} {[%emt 00:00:30]} 27. Rf5
{[%clk 00:33:15]} {[%emt 00:00:44]} Ng7 {[%clk 00:00:39]} {[%emt 00:00:49]} 28.
Rxf6 {[%clk 00:33:17]} {[%emt 00:00:27]} Kh7 {[%clk 00:00:46]} {[%emt
00:00:22]} 29. Rf7 {[%clk 00:33:01]} {[%emt 00:00:47]} Qd8 {[%clk 00:00:43]}
{[%emt 00:00:34]} 30. Rg1 {[%clk 00:33:12]} {[%emt 00:00:19]} Qg8 {[%clk
00:00:41]} {[%emt 00:00:32]} 31. Rxc7 {[%clk 00:33:20]} {[%emt 00:00:22]} Qf8
{[%clk 00:00:54]} {[%emt 00:00:17]} 32. Rgxg7+ {[%clk 00:33:41]} {[%emt
00:00:09]} Qxg7 {[%clk 00:01:17]} {[%emt 00:00:07]} 33. Rxg7+ {[%clk 00:34:05]}
{[%emt 00:00:06]} Kxg7 {[%clk 00:01:40]} {[%emt 00:00:08]} 34. Bd5 {[%clk
00:34:24]} {[%emt 00:00:11]} a5 {[%clk 00:02:03]} {[%emt 00:00:07]} 35. b4
{[%clk 00:34:49]} {[%emt 00:00:04]} axb4 {[%clk 00:02:29]} {[%emt 00:00:04]}
36. cxb4 {[%clk 00:35:16]} {[%emt 00:00:04]} Kf6 {[%clk 00:02:50]} {[%emt
00:00:08]} 37. Bc6 {[%clk 00:35:41]} {[%emt 00:00:05]} Ke7 {[%clk 00:03:15]}
{[%emt 00:00:05]} 38. Bxb5 {[%clk 00:36:06]} {[%emt 00:00:05]} 1-0

[Event "DEM U14 2023"]
[Site "Willingen GER"]
[Date "2023.05.28"]
[Round "2"]
[White "Blodig, Vincent"]
[Black "Dordevic, Tom"]
[Result "1/2-1/2"]
[Termination "normal"]
[Board "15"]
[WhiteElo "1580"]
[BlackElo "2068"]
[WhiteClock "00:01:29"]
[BlackClock "00:04:28"]
[PlyCount "122"]
[WhiteFideId "16297857"]
[BlackFideId "16260503"]
[EventCountry "GER"]
[EventRounds "9"]
[EventType "swiss"]
[EventDate "2023.05.27"]

1. e4 {[%clk 01:30:57]} {[%emt 00:00:02]} c5 {[%clk 01:30:56]} {[%emt
00:00:04]} 2. Nc3 {[%clk 01:31:21]} {[%emt 00:00:06]} d6 {[%clk 01:31:11]}
{[%emt 00:00:16]} 3. d3 {[%clk 01:31:24]} {[%emt 00:00:27]} Nc6 {[%clk
01:31:07]} {[%emt 00:00:34]} 4. Be3 {[%clk 01:31:43]} {[%emt 00:00:10]} g6
{[%clk 01:31:14]} {[%emt 00:00:24]} 5. g3 {[%clk 01:31:45]} {[%emt 00:00:28]}
Bg7 {[%clk 01:31:26]} {[%emt 00:00:18]} 6. Bg2 {[%clk 01:31:16]} {[%emt
00:00:58]} Nf6 {[%clk 01:31:20]} {[%emt 00:00:36]} 7. f4 {[%clk 01:30:33]}
{[%emt 00:01:14]} Rb8 {[%clk 01:29:57]} {[%emt 00:01:53]} 8. h3 {[%clk
01:30:26]} {[%emt 00:00:36]} Nd7 {[%clk 01:28:45]} {[%emt 00:01:43]} 9. Qd2
{[%clk 01:30:36]} {[%emt 00:00:19]} Nd4 {[%clk 01:28:15]} {[%emt 00:01:01]} 10.
Nf3 {[%clk 01:30:26]} {[%emt 00:00:39]} Nxf3+ {[%clk 01:27:35]} {[%emt
00:01:11]} 11. Bxf3 {[%clk 01:30:47]} {[%emt 00:00:09]} b5 {[%clk 01:27:28]}
{[%emt 00:00:37]} 12. O-O {[%clk 01:30:45]} {[%emt 00:00:30]} b4 {[%clk
01:27:15]} {[%emt 00:00:45]} 13. Nd1 {[%clk 01:31:07]} {[%emt 00:00:08]} Nb6
{[%clk 01:27:22]} {[%emt 00:00:24]} 14. g4 {[%clk 01:31:19]} {[%emt 00:00:16]}
a5 {[%clk 01:26:35]} {[%emt 00:01:18]} 15. Rb1 {[%clk 01:22:02]} {[%emt
00:09:46]} e6 {[%clk 01:18:26]} {[%emt 00:08:40]} 16. Nf2 {[%clk 01:19:57]}
{[%emt 00:02:34]} Qe7 {[%clk 00:58:20]} {[%emt 00:20:37]} 17. c4 {[%clk
01:13:18]} {[%emt 00:07:08]} O-O {[%clk 00:52:54]} {[%emt 00:05:57]} 18. g5
{[%clk 01:12:01]} {[%emt 00:01:46]} Rd8 {[%clk 00:50:31]} {[%emt 00:02:53]} 19.
Ng4 {[%clk 01:09:09]} {[%emt 00:03:23]} Ba6 {[%clk 00:39:20]} {[%emt 00:11:41]}
20. b3 {[%clk 01:07:05]} {[%emt 00:02:34]} d5 {[%clk 00:30:11]} {[%emt
00:09:38]} 21. Qf2 {[%clk 01:07:07]} {[%emt 00:00:27]} d4 {[%clk 00:30:15]}
{[%emt 00:00:28]} 22. Bd2 {[%clk 01:07:12]} {[%emt 00:00:24]} f5 {[%clk
00:28:56]} {[%emt 00:01:49]} 23. gxf6 {[%clk 01:05:38]} {[%emt 00:02:04]} Bxf6
{[%clk 00:29:22]} {[%emt 00:00:05]} 24. Qg2 {[%clk 00:59:40]} {[%emt 00:06:28]}
Bg7 {[%clk 00:18:56]} {[%emt 00:10:56]} 25. f5 {[%clk 00:54:09]} {[%emt
00:06:00]} Rf8 {[%clk 00:17:17]} {[%emt 00:02:09]} 26. Nh6+ {[%clk 00:52:03]}
{[%emt 00:02:36]} Kh8 {[%clk 00:09:06]} {[%emt 00:08:42]} 27. fxg6 {[%clk
00:49:55]} {[%emt 00:02:37]} hxg6 {[%clk 00:09:13]} {[%emt 00:00:24]} 28. Qxg6
{[%clk 00:49:48]} {[%emt 00:00:36]} Rf6 {[%clk 00:09:12]} {[%emt 00:00:31]} 29.
Qh5 {[%clk 00:49:51]} {[%emt 00:00:26]} Bxh6 {[%clk 00:07:40]} {[%emt
00:02:04]} 30. Bxh6 {[%clk 00:50:00]} {[%emt 00:00:21]} Qh7 {[%clk 00:03:50]}
{[%emt 00:04:20]} 31. Bg5 {[%clk 00:49:27]} {[%emt 00:01:01]} Rg6 {[%clk
00:03:23]} {[%emt 00:00:58]} 32. h4 {[%clk 00:49:42]} {[%emt 00:00:15]} Rbg8
{[%clk 00:03:37]} {[%emt 00:00:17]} 33. Kh2 {[%clk 00:48:39]} {[%emt 00:01:32]}
Nd7 {[%clk 00:03:38]} {[%emt 00:00:29]} 34. Qxh7+ {[%clk 00:38:28]} {[%emt
00:10:42]} Kxh7 {[%clk 00:04:01]} {[%emt 00:00:06]} 35. e5 {[%clk 00:37:33]}
{[%emt 00:01:24]} Rxg5 {[%clk 00:01:53]} {[%emt 00:02:40]} 36. hxg5 {[%clk
00:37:54]} {[%emt 00:00:09]} Nxe5 {[%clk 00:01:44]} {[%emt 00:00:39]} 37. Be4+
{[%clk 00:37:49]} {[%emt 00:00:34]} Kg7 {[%clk 00:01:35]} {[%emt 00:00:39]} 38.
Kg3 {[%clk 00:36:49]} {[%emt 00:01:30]} Nf7 {[%clk 00:01:28]} {[%emt 00:00:37]}
39. Rf6 {[%clk 00:32:48]} {[%emt 00:04:32]} Nxg5 {[%clk 00:01:07]} {[%emt
00:00:51]} 40. Rg6+ {[%clk 00:32:58]} {[%emt 00:00:19]} Kf8 {[%clk 00:01:29]}
{[%emt 00:00:08]} 41. Rf1+ {[%clk 00:33:03]} {[%emt 00:00:24]} Nf7 {[%clk
00:01:55]} {[%emt 00:00:05]} 42. Rf4 {[%clk 00:21:36]} {[%emt 00:11:58]} Bc8
{[%clk 00:01:12]} {[%emt 00:01:13]} 43. Kf3 {[%clk 00:19:47]} {[%emt 00:02:18]}
Rg7 {[%clk 00:00:50]} {[%emt 00:00:52]} 44. Rxg7 {[%clk 00:03:27]} {[%emt
00:16:51]} Kxg7 {[%clk 00:01:14]} {[%emt 00:00:06]} 45. Rh4 {[%clk 00:01:35]}
{[%emt 00:02:21]} Kf6 {[%clk 00:00:54]} {[%emt 00:00:50]} 46. Rh5 {[%clk
00:29:17]} {[%emt 00:02:48]} e5 {[%clk 00:30:32]} {[%emt 00:00:53]} 47. Bd5
{[%clk 00:22:14]} {[%emt 00:07:33]} Ng5+ {[%clk 00:29:57]} {[%emt 00:01:05]}
48. Kf2 {[%clk 00:17:17]} {[%emt 00:05:25]} Nh3+ {[%clk 00:29:09]} {[%emt
00:01:19]} 49. Ke1 {[%clk 00:14:56]} {[%emt 00:02:50]} Nf4 {[%clk 00:28:43]}
{[%emt 00:00:57]} 50. Rh8 {[%clk 00:08:45]} {[%emt 00:06:40]} Bf5 {[%clk
00:14:58]} {[%emt 00:14:16]} 51. Be4 {[%clk 00:07:10]} {[%emt 00:02:04]} Nxd3+
{[%clk 00:13:25]} {[%emt 00:02:04]} 52. Bxd3 {[%clk 00:07:12]} {[%emt
00:00:28]} Bxd3 {[%clk 00:13:50]} {[%emt 00:00:05]} 53. Kd2 {[%clk 00:05:31]}
{[%emt 00:02:11]} Bb1 {[%clk 00:12:47]} {[%emt 00:01:33]} 54. Ra8 {[%clk
00:04:57]} {[%emt 00:01:04]} Bxa2 {[%clk 00:03:30]} {[%emt 00:09:48]} 55. Kc2
{[%clk 00:00:52]} {[%emt 00:04:35]} a4 {[%clk 00:03:40]} {[%emt 00:00:20]} 56.
Rxa4 {[%clk 00:00:41]} {[%emt 00:00:40]} d3+ {[%clk 00:04:06]} {[%emt
00:00:04]} 57. Kxd3 {[%clk 00:00:55]} {[%emt 00:00:16]} Bxb3 {[%clk 00:04:32]}
{[%emt 00:00:04]} 58. Ra5 {[%clk 00:01:07]} {[%emt 00:00:18]} e4+ {[%clk
00:04:02]} {[%emt 00:01:00]} 59. Kxe4 {[%clk 00:01:24]} {[%emt 00:00:12]} Bxc4
{[%clk 00:04:28]} {[%emt 00:00:05]} 60. Rxc5 {[%clk 00:01:29]} {[%emt
00:00:25]} Be6 {[%emt 00:00:28]} 61. Re5 Kxe5+ 1/2-1/2

[Event "DEM U14 2023"]
[Site "Willingen GER"]
[Date "2023.05.28"]
[Round "2"]
[White "Sickmann, Lisa"]
[Black "Mohammadzadeh, Daris"]
[Result "1-0"]
[Termination "normal"]
[Board "16"]
[WhiteElo "1892"]
[BlackElo "1639"]
[WhiteClock "01:04:40"]
[BlackClock "00:02:18"]
[PlyCount "59"]
[WhiteFideId "16267818"]
[BlackFideId "34604359"]
[EventCountry "GER"]
[EventRounds "9"]
[EventType "swiss"]
[EventDate "2023.05.27"]

1. e4 {[%clk 01:30:54]} {[%emt 00:00:06]} c5 {[%clk 01:30:48]} {[%emt
00:00:12]} 2. Nf3 {[%clk 01:31:18]} {[%emt 00:00:05]} Nc6 {[%clk 01:31:11]}
{[%emt 00:00:07]} 3. d4 {[%clk 01:31:35]} {[%emt 00:00:14]} cxd4 {[%clk
01:31:28]} {[%emt 00:00:13]} 4. Nxd4 {[%clk 01:31:58]} {[%emt 00:00:06]} Nf6
{[%clk 01:31:47]} {[%emt 00:00:11]} 5. Nc3 {[%clk 01:32:22]} {[%emt 00:00:07]}
e5 {[%clk 01:32:09]} {[%emt 00:00:09]} 6. Ndb5 {[%clk 01:32:39]} {[%emt
00:00:12]} d6 {[%clk 01:32:29]} {[%emt 00:00:09]} 7. Bg5 {[%clk 01:32:59]}
{[%emt 00:00:10]} a6 {[%clk 01:32:52]} {[%emt 00:00:08]} 8. Na3 {[%clk
01:33:23]} {[%emt 00:00:05]} b5 {[%clk 01:32:52]} {[%emt 00:00:29]} 9. Bxf6
{[%clk 01:33:40]} {[%emt 00:00:13]} gxf6 {[%clk 01:33:14]} {[%emt 00:00:09]}
10. Nd5 {[%clk 01:33:54]} {[%emt 00:00:16]} Bg7 {[%clk 01:33:19]} {[%emt
00:00:25]} 11. c3 {[%clk 01:33:57]} {[%emt 00:00:26]} f5 {[%clk 01:32:42]}
{[%emt 00:01:08]} 12. exf5 {[%clk 01:33:05]} {[%emt 00:01:21]} Bxf5 {[%clk
01:32:56]} {[%emt 00:00:16]} 13. Nc2 {[%clk 01:33:14]} {[%emt 00:00:21]} O-O
{[%clk 01:32:23]} {[%emt 00:01:04]} 14. Be2 {[%clk 01:30:23]} {[%emt 00:03:20]}
Be6 {[%clk 01:27:00]} {[%emt 00:05:54]} 15. Nce3 {[%clk 01:24:18]} {[%emt
00:06:35]} f5 {[%clk 01:22:59]} {[%emt 00:04:30]} 16. O-O {[%clk 01:22:25]}
{[%emt 00:02:23]} f4 {[%clk 01:14:42]} {[%emt 00:08:47]} 17. Nc2 {[%clk
01:20:02]} {[%emt 00:02:52]} e4 {[%clk 01:10:52]} {[%emt 00:04:20]} 18. Bg4
{[%clk 01:17:22]} {[%emt 00:03:10]} Bxg4 {[%clk 00:31:23]} {[%emt 00:39:59]}
19. Qxg4 {[%clk 01:15:57]} {[%emt 00:01:55]} Ne5 {[%clk 00:29:55]} {[%emt
00:01:59]} 20. Qe6+ {[%clk 01:15:38]} {[%emt 00:00:49]} Kh8 {[%clk 00:29:25]}
{[%emt 00:00:59]} 21. Qe7 {[%clk 01:11:10]} {[%emt 00:04:58]} Qxe7 {[%clk
00:21:36]} {[%emt 00:08:20]} 22. Nxe7 {[%clk 01:11:33]} {[%emt 00:00:06]} Ra7
{[%clk 00:19:53]} {[%emt 00:02:14]} 23. Nd5 {[%clk 01:11:46]} {[%emt 00:00:16]}
Rb7 {[%clk 00:10:14]} {[%emt 00:10:09]} 24. Rfe1 {[%clk 01:07:26]} {[%emt
00:04:50]} Nd3 {[%clk 00:05:35]} {[%emt 00:05:09]} 25. Rxe4 {[%clk 01:06:58]}
{[%emt 00:00:58]} Nxb2 {[%clk 00:05:38]} {[%emt 00:00:27]} 26. Nd4 {[%clk
01:06:24]} {[%emt 00:01:04]} Rbf7 {[%clk 00:04:25]} {[%emt 00:01:44]} 27. Ne6
{[%clk 01:05:10]} {[%emt 00:01:43]} Re8 {[%clk 00:04:14]} {[%emt 00:00:41]} 28.
Rae1 {[%clk 01:05:18]} {[%emt 00:00:21]} Nd3 {[%clk 00:02:57]} {[%emt
00:01:49]} 29. Ng5 {[%clk 01:04:40]} {[%emt 00:01:07]} Nxe1 {[%clk 00:02:18]}
{[%emt 00:01:09]} 30. Nxf7+ {[%emt 00:00:18]} 1-0